Derecho procesal civil (Registro nro. 3445)

Detalles MARC
000 -LEADER
fixed length control field 00929 a2200217 4500
001 - CONTROL NUMBER
control field 41300
005 - DATE AND TIME OF LATEST TRANSACTION
control field 20260407155707.0
008 - FIXED-LENGTH DATA ELEMENTS--GENERAL INFORMATION
fixed length control field 260407a1982 arg spa d
003 - CONTROL NUMBER IDENTIFIER
control field AR-UNSa-BCEJYS
040 ## - CATALOGING SOURCE
Original cataloging agency AR-UNSa-BCEJYS
Language of cataloging spa
Transcribing agency AR-UNSa-BCEJYS
080 ## - UNIVERSAL DECIMAL CLASSIFICATION NUMBER
Universal Decimal Classification number 347.91
Common auxiliary subdivision Procedimientos civiles particulares (Derecho Procesal Civil)
020 ## - INTERNATIONAL STANDARD BOOK NUMBER
International Standard Book Number 950-20-0075-7
041 ## - LANGUAGE CODE
Language code of text/sound track or separate title spa
100 1# - MAIN ENTRY--PERSONAL NAME
Personal name Palacio, Lino Enrique
245 10 - TITLE STATEMENT
Title Derecho procesal civil
264 #1 - PRODUCTION, PUBLICATION, DISTRIBUTION, MANUFACTURE, AND COPYRIGHT NOTICE
Place of production, publication, distribution, manufacture Buenos Aires :
Name of producer, publisher, distributor, manufacturer Abeledo Perrot
Date of production, publication, distribution, manufacture, or copyright notice 1982
300 ## - PHYSICAL DESCRIPTION
Extent 9 v.
Dimensions 23 cm.
505 ## - FORMATTED CONTENTS NOTE
Formatted contents note Vol.1: Nociones generales - Vol.2 y 3: Sujetos del proceso - Vol.4 y 5: Actos procesales - Vol.6: Procesos de conocimiento (plenarios) - Vol.7: Procesos de conocimiento (sumarios) y de ejecución - Vol.8: Procesos cautelares y voluntarios - Vol.9: Procesos arbitrales y universales ; índices generales de toda la obra.
590 ## - LOCAL NOTE (RLIN)
Local note niveau_biblio:m niveau_hierar:0
942 ## - ADDED ENTRY ELEMENTS (KOHA)
Koha item type
Existencias
Withdrawn status Lost status Damaged status Not for loan Home library Current library Shelving location Date acquired Total checkouts Full call number Barcode Date last seen Price effective from Koha item type
        Biblioteca Prof. Eusebio Cleto del Rey Biblioteca Prof. Eusebio Cleto del Rey   07/04/2026   347.91 P153d v.9 L119031 07/04/2026 07/04/2026 Libro
        Biblioteca Prof. Eusebio Cleto del Rey Biblioteca Prof. Eusebio Cleto del Rey   07/04/2026   347.91 P153d v.7 L119030 07/04/2026 07/04/2026 Libro